Logo BPK

Biblioteka

Politechniki Koszalińskiej

Language in action : (Rekord nr 48193)

Szczegóły MARC
000 -ETYKIETA REKORDU
podpole kontrolne o stałej długości 00706nam a2200229 i 4500
001 - NUMER KONTROLNY REKORDU
pole kontrolne bgj
020 ## - MIĘDZYNARODOWY ZNORMALIZOWANY NUMER KSIĄŻKI - ISBN
ISBN 0582035836X (pbk)
040 ## - ŹRÓDŁO KATALOGOWANIA
Instytucja, która utworzyła rekord BPK
041 0# - KOD JĘZYKA
Kod języka tekstu eng
920 ## - Międzynarodowy znormalizowany numer książki – ISBN
ISBN 0-582-035836-X (pbk)
008 - POLE O STAŁEJ DŁUGOŚCI - DANE KONTROLNE
podpole kontrolne o stałej długości s uk f |000 0 eng
100 1# - NAZWA OSOBOWA
Nazwa osobowa KENWORTHY, Joanne
245 10 - TYTUŁ/ODPOWIEDZIALNOŚĆ
Tytuł Language in action :
Ciąg dalszy tytułu an introduction to modern linguistics /
Pozostałe elementy strefy tytułu i oznaczenia odpowiedzialności Joanne Kenworthy.
250 ## - STREFA WYDANIA
Oznaczenie wydania [4th impr.].
260 ## - STREFA ADRESU WYDAWNICZEGO
Miejsce wydania London ;
-- New York :
Nazwa wydawcy/dystrybutora Longman,
Data publikacji, dystrybucji/powstania dokumentu 1995.
300 ## - STREFA OPISU FIZYCZNEGO
Objętość 132 pp :
Inne cechy fizyczne drawings, figures, photos ;
Rozmiary 24 cm.
490 1# - STREFA SERII I DOKUMENTU WIELOCZĘŚCIOWEGO - FORMA NIE DO WYSZUKIWANIA
Tytuł i oznaczenie odpowiedzialności serii Longman Handbooks for Language Teachers
500 ## - UWAGI OGÓLNE
Tekst uwagi 1st published 1991.
650 #9 - HASŁO PRZEDMIOTOWE W FORMIE NAZWY OGÓLNEJ LUB JEDNOSTKOWEJ
Nazwa ogólna lub geograficzna Linguistics
830 ## - HASŁO DODATKOWE SERII LUB DOKUMENTU WIELOCZĘŚCIOWEGO - TYTUŁ UJEDNOLICONY
Tytuł ujednolicony Longman Handbooks for Language Teachers
856 ## - LOKALIZACJA I DOSTĘP DO ELEKTRONICZNYCH DOKUMENTÓW ZDALNYCH
Link (URL) http://koha.tu.koszalin.pl/cgi-bin/koha/opac-detail.pl?biblionumber=48193
Tekst linku Katalog online BPK
942 ## - DODATKOWE ELEMENTY (KOHA)
Typ dokumentu Książka
Egzemplarze
Wycofany Status egzemplarza Uszkodzony Dostępność Lokalizacja stała Lokalizacja bieżąca Miejsce przechowywania Sygnatura Kod kreskowy Typ dokumentu
      Tylko na miejscu Biblioteka Politechniki Koszalińskiej Biblioteka Politechniki Koszalińskiej Czytelnia Wydziałowa ul. Kwiatkowskiego 6e KA 5357 09003446 Książka
© 2023 Biblioteka Politechniki Koszalińskiej :: KOHA